Southville International School and Colleges
Your cart is empty.
  • Cart
  • Lists
    Public lists Eva Luna New books Lux_list list_1
    Your lists Log in to create your own lists
  • Log in to your account
  • Your cookies
  • Search history
Southville International School and Colleges
  • Advanced search
  • Recent comments
  • Most popular
  • Libraries

Log in to your account

Log in with GOOGLE


If you do not have an external account, but do have a local account, you can still log in:

  1. Home
  2. MARC view: New products management /
Normal view MARC view ISBD view

New products management / (Record no. 24641)

[ view plain ]
MARC details
000 -LEADER
fixed length control field 00626nam a2200217 a 4500
005 - DATE AND TIME OF LATEST TRANSACTION
control field 20140310183532.0
008 - FIXED-LENGTH DATA ELEMENTS--GENERAL INFORMATION
fixed length control field 111110s19uu xx 00 eng d
020 ## - INTERNATIONAL STANDARD BOOK NUMBER
International Standard Book Number 978-007-128923-8
050 ## - LIBRARY OF CONGRESS CALL NUMBER
Classification number HF 5415.153
Item number .C856 2011
100 ## - MAIN ENTRY--PERSONAL NAME
Personal name Crawford, Merle
245 ## - TITLE STATEMENT
Title New products management /
Statement of responsibility, etc Merle Crawford, Anthony Di Benedetto.
250 ## - EDITION STATEMENT
Edition statement 10th ed.
260 ## - PUBLICATION, DISTRIBUTION, ETC. (IMPRINT)
Place of publication, distribution, etc New York :
Name of publisher, distributor, etc McGraw-Hill,
Date of publication, distribution, etc 2011.
300 ## - PHYSICAL DESCRIPTION
Extent 576 p. :
Dimensions 23 cm.
650 ## - SUBJECT ADDED ENTRY--TOPICAL TERM
Topical term or geographic name as entry element New products
650 ## - SUBJECT ADDED ENTRY--TOPICAL TERM
Topical term or geographic name as entry element Product management
650 ## - SUBJECT ADDED ENTRY--TOPICAL TERM
Topical term or geographic name as entry element Diffusion of innovations
700 ## - ADDED ENTRY--PERSONAL NAME
Personal name Di Benedetto, Anthony
942 ## - ADDED ENTRY ELEMENTS (KOHA)
Koha item type Books
Source of classification or shelving scheme Library of Congress Classification
Call number prefix Foreign
Holdings
Withdrawn status Lost status Source of classification or shelving scheme Damaged status Home library Current library Shelving location Date acquired Source of acquisition Total Checkouts Total Renewals Full call number Barcode Date last seen Date checked out Copy number Price effective from Koha item type
    Library of Congress Classification   College Library College Library General Circulation Section 11/10/2011 Donation 1 17 HF 5415.153 .C856 2006 C12998 05/15/2018 11/12/2014 1 03/10/2014 Books

New products management /

APA

Crawford M., Di Benedetto A., . (2011). New products management. New York: McGraw-Hill.

Chicago

Crawford Merle, Di Benedetto Anthony, . 2011. New products management. New York: McGraw-Hill.

Harvard

Crawford M., Di Benedetto A., . (2011). New products management. New York: McGraw-Hill.

MLA

Crawford Merle, Di Benedetto Anthony, . New products management. New York: McGraw-Hill. 2011.

  • Place hold
  • Print
  • Cite
  • Add to your cart (remove)
  • Save record
    BIBTEX Dublin Core MARCXML MARC (non-Unicode/MARC-8) MARC (Unicode/UTF-8) MARC (Unicode/UTF-8, Standard) MODS (XML) RIS
  • More searches
    Search for this title in:
    Other Libraries (WorldCat) Other Databases (Google Scholar) Online Stores (Bookfinder.com) Open Library (openlibrary.org)

Exporting to Dublin Core...

SOUTHVILLE LIBRARY

Southville International School and Colleges Library

1281 Tropical Ave. Cor. Luxembourg St., BF Homes International, Las Pinas City

Tel. No. 8256374 / 252358 Loc. 117/146

Powered by Koha